[Event "Australian Masters"]
[Site "Melbourne AUS"]
[Date "2004.08.12"]
[Round "9"]
[White "Xie,G"]
[Black "Froehlich,P"]
[Result "0-1"]
[WhiteElo "2313"]
[BlackElo "2388"]

1.e4 c5 2.c3 Nf6 3.e5 Nd5 4.Nf3 d6 5.d4 cxd4 6.Qxd4 e6 7.Nbd2 dxe5 8.Nxe5 Bd7
9.Ndf3 Nc6 10.Qe4 Be7 11.Bd3 Nf6 12.Qe2 Nxe5 13.Nxe5 O-O 14.O-O Ba4 15.b3 Be8
16.c4 Nd7 17.Bb2 Nc5 18.Rad1 Qc8 19.Bb1 f6 20.Qc2 g6 21.Nf3 e5 22.Rfe1 Bc6
23.Nd2 Qg4 24.f3 Qh4 25.a3 Rad8 26.Nf1 Nd3 27.g3 Bc5+ 28.Kg2 Nxe1+ 29.Rxe1 Qh5
30.Qe2 Bd4 31.Bxd4 Rxd4 32.h3 Rfd8 33.g4 Qg5 34.Qe3 Qf4 35.b4 Rd1 36.Qxf4 exf4
37.Rxd1 Rxd1 38.Bc2 Rc1 39.Bd3 Rc3 40.Be2 Rxa3 41.b5 Bd7 42.Kf2 b6 43.Nd2 f5
44.Ke1 Kf8 45.g5 Ke7 46.Bd1 Re3+ 47.Kf2 Kd6 48.h4 Rc3 49.Be2 Kc5 50.Nb1 Rc2  0-1

[Event "HZ Open"]
[Site "Vlissingen NED"]
[Date "2004.08.12"]
[Round "7"]
[White "Jonkman,H"]
[Black "Ikonnikov,Vy"]
[Result "0-1"]
[WhiteElo "2425"]
[BlackElo "2543"]

1.e4 c5 2.c3 Nf6 3.e5 Nd5 4.Nf3 d6 5.Bc4 Nb6 6.Bb5+ Bd7 7.Bxd7+ Qxd7 8.exd6 e6
9.d4 Bxd6 10.Nbd2 Nc6 11.Ne4 cxd4 12.Nxd4 Be7 13.Nxc6 Qxc6 14.Qf3 O-O 15.O-O Rad8
16.b3 f5 17.Ng5 Qxf3 18.gxf3 Rf6 19.Kh1 e5 20.c4 h6 21.Nh3 Re6 22.Be3 Nc8
23.Rfd1 Kf7 24.Rxd8 Bxd8 25.Rd1 Ke8 26.Ng1 f4 27.Bc5 Be7 28.Bxe7 Nxe7 29.Ne2 Nf5
30.Rd3 Rd6 31.Rxd6 Nxd6 32.Kg2 Nf5 33.Kf1 Kd7 34.Ke1 Ke6 35.Kd2 Nh4 36.Ng1 Kf5
37.Kd3 Nxf3 38.Nxf3 e4+ 39.Kd4 exf3 40.b4 g5 41.c5 g4 42.Kd3 Ke5 43.b5 Kd5
44.c6 bxc6 45.bxc6 Kxc6 46.Ke4 g3 47.Kxf3 gxh2 48.Kg2 Kd5 49.Kxh2 Ke4 50.Kg2 a6
51.a3 a5 52.a4 h5 53.Kf1 Kf3 54.Kg1 Ke2 55.Kg2 h4  0-1

[Event "FSGM August"]
[Site "Budapest HUN"]
[Date "2004.08.13"]
[Round "7"]
[White "Kristjansson,St"]
[Black "Medvegy,Z"]
[Result "1-0"]
[WhiteElo "2410"]
[BlackElo "2456"]

1.e4 c5 2.c3 Nf6 3.e5 Nd5 4.d4 cxd4 5.Nf3 e6 6.cxd4 b6 7.Nc3 Nxc3 8.bxc3 Qc7
9.Bd2 Be7 10.h4 h6 11.Rh3 d6 12.Rg3 Kf8 13.Bf4 Qxc3+ 14.Bd2 Qc7 15.Rc1 Qd8
16.exd6 Bxd6 17.Ne5 Bb7 18.Qh5 Qf6 19.Bd3 Ke7 20.Rg4 Nd7 21.Nxd7 Kxd7 22.Qb5+ Kd8
23.Be4 Bxe4 24.Rxe4 Qf5 25.Re5 Bxe5 26.dxe5 Qe4+ 27.Be3 Qb7 28.Bc5 Qe4+ 29.Be3 Ke7
30.Rc7+ Kf8 31.Qd7 Qg6 32.Rc8+ Rxc8 33.Qxc8+ Ke7 34.Qc7+ Ke8 35.Qb8+ Kd7
36.Qxa7+ Ke8 37.Qa8+ Kd7 38.Qb7+ Ke8 39.Qc6+ Kf8 40.Qc8+ Ke7 41.Qxh8 Qb1+
42.Ke2 Qxa2+ 43.Kf3 Qd5+ 44.Kg3 Qxe5+ 45.Bf4 Qc3+ 46.Kh2 Qd4 47.Bg3 Kf6 48.Qb8 Kg6
49.Qd6 Qc4 50.Qxb6 Kh7 51.Qe3 Kg8 52.Qf4 Qc2 53.Qg4 Kh7 54.f3 Qc5 55.Qe4+ Kg8
56.Be5 Qe7 57.Qd4 f6 58.Bg3 e5 59.Qc4+ Kh8 60.Qc8+ Kh7 61.Qf5+ Kh8 62.Bf2 Qd6
63.Be3 Qb4 64.Qe4 Qe7 65.Qg6 Qb4 66.Qe4 Qe7 67.Qf5 Qb4 68.Qh5 Kh7 69.Bxh6 gxh6
70.Qf7+ Kh8 71.Qxf6+ Kh7 72.h5 Qd2 73.Qxe5 Kg8 74.f4 Qd8 75.Qe6+  1-0

[Event "Open A"]
[Site "Riga LAT"]
[Date "2004.08.16"]
[Round "3"]
[White "Sveshnikov,E"]
[Black "Soskov,V"]
[Result "1-0"]
[WhiteElo "2508"]
[BlackElo "2252"]

1.e4 c5 2.c3 Nf6 3.e5 Nd5 4.Nf3 Nc6 5.Bc4 Nb6 6.Bb3 d5 7.exd6 Qxd6 8.Na3 g6
9.d4 cxd4 10.Nb5 Qb8 11.cxd4 Bg7 12.O-O O-O 13.d5 Na5 14.Bg5 a6 15.Nc3 Re8
16.Re1 f6 17.Bh4 Kh8 18.Bg3 Qa7 19.Bd6 Nbc4 20.Bxe7 b5 21.d6 Nxb2 22.Qc2 Nac4
23.Nd5 Bf5 24.Qc3 Nd3 25.Nd4 Rac8 26.Nc7 Nce5 27.Nxf5 Qxf2+ 28.Kh1 Nxe1 29.Qxe1 Qxe1+
30.Rxe1 gxf5 31.Be6 Rcd8 32.Nxe8 Rxe8 33.Bxf5 Bf8 34.Bxf6+ Kg8 35.Rxe5  1-0

[Event "Knjaz Milos Jezero Open"]
[Site "Belgrade SCG"]
[Date "2004.08.19"]
[Round "3"]
[White "Kovacevic,R"]
[Black "Gazivoda,M"]
[Result "0-1"]
[WhiteElo "2039"]
[BlackElo "2169"]

1.e4 c5 2.c3 Nf6 3.e5 Nd5 4.Nf3 Nc6 5.d4 cxd4 6.cxd4 e6 7.a3 d6 8.Bd3 dxe5
9.dxe5 Qc7 10.O-O Bd7 11.Re1 Bc5 12.Nbd2 f5 13.Nb3 Bb6 14.Bxf5 O-O 15.Be4 Nce7
16.Qd3 h6 17.Nbd4 a6 18.Bd2 Ba7 19.g4 Nf4 20.Qb3 Ned5 21.Be3 Nxe3 22.fxe3 Bxd4
23.exd4 Rac8 24.Rac1 Ne2+ 25.Rxe2 Qxc1+ 26.Kg2 Qf4 27.h3 b5 28.d5 Rc4 29.Qd3 Kh8
30.b3 Rc1 31.Qe3 Qxe3 32.Rxe3 exd5 33.Bxd5 Bc6 34.Bxc6 Rxc6 35.Nd4 Rc7 36.Kg3 Rfc8
37.Kh4 Rc3 38.Rxc3 Rxc3 39.g5 Re3 40.Nc6 Kg8 41.g6 Kf8 42.a4 Rxb3 43.axb5 Rxb5
44.Kg4 a5 45.Kf5 a4 46.Nd4 Ra5 47.Ne6+ Kg8 48.Nd4 a3 49.Ke6 a2 50.Nb3 a1=Q
51.Nxa1 Rxa1 52.Kd7 Rh1 53.e6 Rxh3  0-1

[Event "52nd ch-HUN w"]
[Site "Budapest HUN"]
[Date "2004.08.20"]
[Round "2"]
[White "Schneider,Ve"]
[Black "Gara,T"]
[Result "1-0"]
[WhiteElo "2212"]
[BlackElo "2291"]

1.e4 c5 2.c3 Nf6 3.e5 Nd5 4.Nf3 e6 5.d4 cxd4 6.cxd4 d6 7.Bc4 Nc6 8.O-O Be7
9.Re1 O-O 10.exd6 Qxd6 11.Nc3 b6 12.Ng5 h6 13.Nge4 Qd7 14.Bb3 Na5 15.Bc2 Bb7
16.Qh5 f5 17.Bxh6 Qe8 18.Ng3 Qxh5 19.Nxh5 gxh6 20.Rxe6 Bg5 21.Rg6+ Kh8 22.h4 Bxh4
23.Rxh6+ Kg8 24.Nxd5 Bxd5 25.Nf4 Rac8 26.Ba4 b5 27.Nxd5 Bxf2+ 28.Kxf2 bxa4
29.Ne7+ Kg7 30.Nxc8 Kxh6 31.Rc1 Rf7 32.d5 Kg6 33.d6 Kf6 34.Rc7 Ke6  1-0

[Event "Open"]
[Site "Vladimir RUS"]
[Date "2004.08.20"]
[Round "3"]
[White "Kornev,Alexe"]
[Black "Kuporosov,V"]
[Result "1-0"]
[WhiteElo "2574"]
[BlackElo "2473"]

1.e4 c5 2.c3 Nf6 3.e5 Nd5 4.Nf3 e6 5.Bc4 Nb6 6.Bb3 d6 7.d4 cxd4 8.cxd4 dxe5
9.Nxe5 Nc6 10.Nf3 Be7 11.Nc3 O-O 12.O-O Bf6 13.Be3 Ne7 14.Qe2 Bd7 15.Rad1 Rc8
16.Ne4 Ned5 17.Ne5 Bc6 18.Bc1 a6 19.Qg4 Ba4 20.Bxa4 Nxa4 21.Rd3 Nab6 22.Bh6 Kh8
23.Rg3 g6 24.Bxf8 Qxf8 25.Rf3 Bxe5 26.dxe5 Rc4 27.Rh3 h5 28.b3 Rb4 29.Rd1 Kg7
30.Qh4 Qc8 31.Rhd3 Qc2 32.f3 Qxa2 33.Qf2 Qa3 34.Qc2 Rb5 35.Nd6 Rc5 36.Qd2 Nd7
37.Nc4 Rxc4 38.bxc4 Qc5+ 39.Kh1 Qxc4 40.Rxd5 exd5 41.Qxd5 Qxd5 42.Rxd5 Nf8
43.Rd8 Ne6 44.Rd7 Nc5 45.e6 Nxe6 46.Rxb7 h4 47.Rb6 Ng5 48.Rb3 Kf6 49.Ra3 Kg7
50.Kg1 Ne6 51.Rxa6 Nf4 52.Kf2 g5 53.Ra2 Kg6 54.Ke3 Kf5 55.Ra5+ Kg6 56.Ra6+ Kf5
57.g3 hxg3 58.hxg3 Ne6 59.Ra5+ Kf6 60.Ke4 Ng7 61.Ra6+ Ne6 62.Rb6 Ke7 63.Ke5 f6+
64.Kf5 Nd4+ 65.Kg6 Nxf3 66.Rxf6  1-0

[Event "Open"]
[Site "Vladimir RUS"]
[Date "2004.08.20"]
[Round "3"]
[White "Ivanov,Vic"]
[Black "Tonoian,A"]
[Result "1-0"]
[WhiteElo "2459"]
[BlackElo "2303"]

1.e4 c5 2.c3 Nf6 3.e5 Nd5 4.Nf3 e6 5.Bc4 Nc6 6.O-O d6 7.d4 cxd4 8.cxd4 Be7
9.Qe2 O-O 10.Re1 Na5 11.Bxd5 exd5 12.Nc3 Be6 13.Bf4 Re8 14.Qd3 Rc8 15.exd6 Bxd6
16.Ng5 g6 17.Nxe6 fxe6 18.Nxd5 exd5 19.Rxe8+ Qxe8 20.Bxd6 Nc4 21.Bg3 Qe4
22.Qxe4 dxe4 23.Rc1 Kf7 24.b3 Nb6 25.Rc5 Rxc5 26.dxc5 Nd7 27.b4 Ke6 28.Kf1 Kd5
29.Ke2 a5 30.a3 axb4 31.axb4 Kd4 32.Bd6 Kd5 33.Ke3 b6 34.Be7 Ke6 35.c6  1-0

[Event "Knjaz Milos Jezero Open"]
[Site "Belgrade SCG"]
[Date "2004.08.21"]
[Round "5"]
[White "Vujosevic,D"]
[Black "Dinic,M"]
[Result "1-0"]
[WhiteElo "2092"]
[BlackElo "1915"]

1.e4 c5 2.c3 Nf6 3.e5 Nd5 4.d4 cxd4 5.cxd4 e6 6.Nc3 Nxc3 7.bxc3 d6 8.f4 Qc7
9.Bd2 Bd7 10.Nf3 Bc6 11.Bd3 Nd7 12.O-O O-O-O 13.Ng5 Nb6 14.a4 h6 15.Ne4 Bxe4
16.Bxe4 d5 17.Bd3 Nc4 18.Bc1 Be7 19.Rf2 g5 20.f5 Rdg8 21.f6 Bf8 22.Bxc4 Qxc4
23.a5 h5 24.Ra4 Qc6 25.Qb3 Bh6 26.Rb2 Rd8 27.Rb4 Rd7 28.Rb5 Rc7 29.Rc5 Qa6
30.Rxc7+ Kxc7 31.c4 dxc4 32.Rc2 Qxa5 33.Qxc4+ Kb8 34.Ba3 Bf8 35.Qc8+  1-0

[Event "Open A"]
[Site "Riga LAT"]
[Date "2004.08.21"]
[Round "9"]
[White "Sveshnikov,E"]
[Black "Haugli,P"]
[Result "1-0"]
[WhiteElo "2508"]
[BlackElo "2362"]

1.e4 c5 2.c3 Nf6 3.e5 Nd5 4.Nf3 Nc6 5.Bc4 Nb6 6.Bb3 d5 7.exd6 Qxd6 8.Na3 Bf5
9.d4 cxd4 10.Nb5 Qd7 11.Nbxd4 Nxd4 12.Nxd4 Be4 13.O-O e6 14.Qe2 Bd5 15.Rd1  1-0

[Event "ch-FRA w"]
[Site "Val d'Isere FRA"]
[Date "2004.08.21"]
[Round "6"]
[White "Milliet,S"]
[Black "Cochet,C"]
[Result "1-0"]
[WhiteElo "2280"]
[BlackElo "2071"]

1.e4 c5 2.c3 Nf6 3.e5 Nd5 4.Nf3 e6 5.d4 cxd4 6.cxd4 b6 7.Bd3 Bb4+ 8.Bd2 Bxd2+
9.Qxd2 Ba6 10.O-O O-O 11.Re1 Bxd3 12.Qxd3 Nc6 13.a3 d6 14.Nbd2 dxe5 15.dxe5 Qe7
16.Rac1 Rac8 17.Rc4 Rc7 18.Rh4 h6 19.Qe4 Rd8 20.Qg4 Kh8 21.Ne4 Qf8 22.Neg5 Nde7
23.Qe4 Nf5 24.g4 Kg8 25.gxf5 hxg5 26.Rh5 exf5 27.Qxf5 g6 28.Qxg5 Qg7 29.Rh4 Rd5
30.Qg3 Re7 31.Rc4 Rc5 32.Rxc5 bxc5 33.Qg5 Re8 34.Qe3 c4 35.Qc5 Re6 36.Re4 g5
37.Nd4 Nxd4 38.Qxd4 Kh7 39.Qxa7 Rxe5 40.Rxe5 Qxe5 41.Qxf7+ Kh6 42.Qxc4 Qxb2
43.a4 Qb1+ 44.Kg2 Qf5 45.h3 Qe5 46.h4 Kh5 47.hxg5 Qxg5+ 48.Kf1 Qf6 49.Qc5+ Kg4
50.a5 Qa1+ 51.Ke2 Qb2+ 52.Kd3 Qb3+ 53.Kd4 Qb2+ 54.Kd5  1-0

[Event "14th Open"]
[Site "Abu Dhabi UAE"]
[Date "2004.08.23"]
[Round "9"]
[White "Paridar,S"]
[Black "Ramaswamy,A"]
[Result "1/2-1/2"]
[WhiteElo "2232"]
[BlackElo "2299"]

1.e4 c5 2.c3 Nf6 3.e5 Nd5 4.d4 cxd4 5.Nf3 e6 6.cxd4 d6 7.Bc4 Nb6 8.Bd3 Nc6
9.a3 dxe5 10.dxe5 Nd7 11.Bb5 Qc7 12.Bf4 a6 13.Bxc6 Qxc6 14.O-O b5 15.Nc3 Be7
16.Nd4 Qb6 17.a4 b4 18.a5 Qb7 19.Na4 Qe4 20.Qd2 Bb7 21.f3 Qd5 22.Rfd1 Rd8
23.Qf2 Qxa5 24.Qg3 O-O 25.Kh1 Kh8 26.Nb3 Qc7 27.Rac1 Qb8 28.h4 Bd5 29.Nd4 Nb6
30.Nc5 Bxc5 31.Rxc5 Rc8 32.Ra5 Qb7 33.h5 h6 34.Kh2 Rfd8 35.Raa1 b3 36.Qf2 Nc4
37.Rd3 Qe7 38.Rxb3 Nxe5 39.Bxe5 Bxb3 40.Nxb3 Qg5 41.Bc3 Qxh5+ 42.Kg1 e5  1/2-1/2

[Event "Knjaz Milos Jezero Open"]
[Site "Belgrade SCG"]
[Date "2004.08.24"]
[Round "8"]
[White "Vujosevic,D"]
[Black "Damjanovic,L"]
[Result "1-0"]
[WhiteElo "2092"]
[BlackElo "2174"]

1.e4 c5 2.c3 Nf6 3.e5 Nd5 4.d4 cxd4 5.cxd4 e6 6.Nc3 Nxc3 7.bxc3 d6 8.f4 Nc6
9.Nf3 Qc7 10.Bd3 Bd7 11.Be3 Na5 12.Rc1 Nc4 13.Qe2 Rc8 14.Bf2 b5 15.Ng5 h6
16.Ne4 Bc6 17.O-O Bd5 18.exd6 Bxd6 19.Nxd6+ Qxd6 20.f5 Qc6 21.Qg4 Kd7 22.Qxg7 Rcg8
23.Qxf7+ Kc8 24.Bg3 h5 25.Qxa7 e5 26.Bxc4 Bxc4 27.Rf2 h4 28.Bxe5 Rh5 29.Qc5 Qxc5
30.dxc5 Rf8 31.Bd4 Rhxf5 32.h3 Kb7 33.Re1 Kc6 34.Re4 Bd5 35.Rxh4 Rxf2 36.Bxf2 Rg8
37.Rh6+ Kc7 38.g4 Bxa2 39.Rd6 Bb1 40.Bg3 Kc8 41.Be5 Rg5 42.Bd4 Bf5 43.Kf2 Bxg4
44.hxg4 Rxg4 45.Rb6 Kc7 46.Rxb5 Kc6 47.Rb6+ Kd5 48.Rd6+ Ke4 49.c6 Rf4+ 50.Ke2  1-0

[Event "35th Atlantic Open"]
[Site "Washington DC USA"]
[Date "2004.08.28"]
[Round "3"]
[White "Shibut,M"]
[Black "Kaufman,La"]
[Result "1/2-1/2"]
[WhiteElo "2313"]
[BlackElo "2364"]

1.e4 c5 2.c3 Nf6 3.e5 Nd5 4.d4 cxd4 5.Nf3 d6 6.cxd4 e6 7.a3 Nd7 8.Bd3 dxe5
9.dxe5 Be7 10.O-O O-O 11.Qc2 g6 12.Bh6 Re8 13.Nc3 Nxc3 14.Qxc3 Nb6 15.Rfd1 Nd5
16.Qb3 Qb6 17.Bc4 Qxb3 18.Bxb3 Bd7 19.Bxd5 exd5 20.Rxd5 Bc6 21.Rd3 Bd8 22.Re1 Bc7
23.Bf4 Rad8 24.Rxd8 Rxd8 25.Ng5 Bb6 26.h3 Rd3 27.e6 fxe6 28.Nxe6 Bd5 29.Nc7 Bb3
30.Ne8 Rd1 31.Rxd1 Bxd1 32.Nf6+ Kg7 33.Be5 Bd8 34.Ne4+ Kf8 35.Bd4 b6 36.f3 Ba4
37.Kf2 Be7 38.Ke3 Kf7 39.f4 Ke6 40.g4 Bc6 41.g5 Bb5 42.Ng3 Ba4 43.h4 Bc2
44.h5 Bb1 45.h6 Bc2 46.Ne4 Kf5 47.Ng3+  1/2-1/2

[Event "1st Kalamaria Open"]
[Site "Thessaloniki GRE"]
[Date "2004.09.05"]
[Round "2"]
[White "Pambalos,P"]
[Black "Stamenkov,V"]
[Result "1/2-1/2"]
[WhiteElo "2025"]
[BlackElo "2400"]

1.e4 c5 2.c3 Nf6 3.e5 Nd5 4.d4 cxd4 5.Nf3 Nc6 6.cxd4 d6 7.Bc4 e6 8.O-O Be7
9.a3 O-O 10.Qe2 a6 11.Rd1 b5 12.Bd3 Bb7 13.Nc3 Nxc3 14.bxc3 Na5 15.exd6 Qxd6
16.a4 bxa4 17.Rxa4 Qc7 18.Qa2 Bd5 19.c4 Bxf3 20.gxf3 Nc6 21.Be4 Rac8 22.Ba3 Bxa3
23.Qxa3 Rfd8 24.c5 Nb8 25.Qb3 Qd7 26.Rda1 g6 27.Rb4 Nc6 28.Bxc6 Rxc6 29.Qc4 Qc8
30.Rba4 e5 31.dxe5 Rxc5 32.Qxa6 Qxa6 33.Rxa6 Rxe5 34.Ra8 Rxa8 35.Rxa8+ Kg7
36.Ra4 h5 37.f4 Rb5 38.Kg2 Kf6 39.Kg3 Kf5 40.Rc4 Rb3+ 41.Kg2 h4 42.h3 Rb1
43.Kf3 Rb3+ 44.Kg2 f6 45.Ra4 Rc3 46.Rb4 Rc5 47.Ra4 Rb5 48.Rc4  1/2-1/2

[Event "8th WUCC"]
[Site "Instanbul TUR"]
[Date "2004.09.06"]
[Round "2"]
[White "Mohajerin,P"]
[Black "Jianu,V"]
[Result "0-1"]
[WhiteElo "2251"]
[BlackElo "2429"]

1.e4 c5 2.c3 Nf6 3.e5 Nd5 4.d4 cxd4 5.cxd4 d6 6.exd6 e6 7.Nf3 Bxd6 8.Nc3 Nxc3
9.bxc3 Qc7 10.Bd2 Nd7 11.Bd3 b6 12.O-O Bb7 13.Re1 O-O 14.h4 Bf4 15.Ne5 Bxe5
16.dxe5 Nc5 17.Bc2 Rad8 18.Qe2 Ba6 19.Qf3 Bb7 20.Qf4 Qc6 21.f3 Ba6 22.Be4 Nxe4
23.Rxe4 Rd3 24.Rd4 Rd8 25.Rc1 Rd5 26.Be3 Rxc3 27.Rxc3 Qxc3 28.Rxd5 exd5 29.Bd4 Qc7
30.Qe3 Qe7 31.h5 h6 32.g4 Kh7 33.Kg2 Qd7 34.Qa3 Bc4 35.Qd6 Qxd6 36.exd6 Bb5
37.Kg3 Bd7 38.f4 f5 39.g5 g6 40.Kh4 Be8 41.hxg6+ Kxg6 42.gxh6 Kxh6 43.Kg3 Kg6
44.Kf3 Kf7 45.Ke3 Ke6 46.Be5 Kd7 47.Kd4 Kc6 48.a3 Bf7 49.Kd3 Be8 50.Kd4 Bd7
51.Kd3 Kc5 52.Kc3 Bb5 53.Kb3 d4 54.Kc2 Kc4 55.Bf6 Kd5 56.Be7 Ke4 57.Bf6 Ke3
58.Kc1 Ba4 59.Be5 d3 60.Bc3 Kxf4 61.Kd2 Ke4 62.Bf6 f4 63.Bh4 Bb5 64.Be1 Kf3
65.d7 Bxd7 66.Kxd3 Kg2 67.Bh4 f3 68.Ke3 b5 69.Be1 a5 70.Bh4 b4 71.Kd3 b3  0-1

[Event "8th WUCC Women"]
[Site "Instanbul TUR"]
[Date "2004.09.07"]
[Round "4"]
[White "Ghader Pour,S"]
[Black "Calotescu,A"]
[Result "0-1"]
[WhiteElo "2011"]
[BlackElo "2307"]

1.e4 c5 2.c3 Nf6 3.e5 Nd5 4.d4 cxd4 5.Nf3 e6 6.cxd4 d6 7.Nc3 Nxc3 8.bxc3 Qc7
9.Bd2 Nd7 10.exd6 Bxd6 11.Bd3 b6 12.O-O Bb7 13.Re1 O-O 14.h3 h6 15.Rc1 Rfe8
16.c4 Bf4 17.Bxf4 Qxf4 18.Qd2 Qxd2 19.Nxd2 Nf6 20.Ne4 Rad8 21.Nxf6+ gxf6
22.Red1 Kf8 23.Be2 Ke7 24.Rc3 Rg8 25.g3 Rd7 26.Bf3 Bxf3 27.Rxf3 Rc8 28.Rc3 Rdc7
29.Rdc1 Kd6 30.Kg2 e5 31.dxe5+ fxe5 32.a4 Rc5 33.Rd3+ Ke6 34.Rcd1 R8c7 35.Rd6+ Ke7
36.Rxh6 Rxc4 37.Re1 R7c5 38.h4 Rxa4 39.h5 Kf8 40.Rd1 Rd4 41.Rxd4 exd4 42.Rd6 Rxh5
43.Rxd4 a5 44.g4 Rc5 45.f4 b5 46.f5 Kg7 47.Rd7 b4 48.Rb7 Kf6 49.Kf3 Rc4 50.Ra7 b3
51.Rxa5 Rb4 52.Ra6+ Kg5 53.Ra1 b2 54.Rb1 f6 55.Ke3 Kxg4 56.Kd3 Kxf5 57.Kc2 Kg5
58.Rg1+ Rg4 59.Rf1 Rg2+ 60.Kd3 f5 61.Ke3 Rg3+ 62.Kf2 Rb3 63.Rg1+ Kf4 64.Rb1 Ke4
65.Ke2 f4 66.Kd2 f3 67.Re1+ Kf5  0-1

[Event "TCh-CRO"]
[Site "Rabac CRO"]
[Date "2004.09.07"]
[Round "3"]
[White "Pavasovic,D"]
[Black "Fedorov,Alex"]
[Result "1-0"]
[WhiteElo "2592"]
[BlackElo "2620"]

1.e4 c5 2.c3 Nf6 3.e5 Nd5 4.Nf3 Nc6 5.Bc4 Nb6 6.Bb3 c4 7.Bc2 Qc7 8.Qe2 g5
9.h3 Bg7 10.O-O Nxe5 11.Nxg5 d5 12.a4 Bd7 13.a5 Nc8 14.d4 cxd3 15.Bxd3 Nd6
16.Re1 O-O-O 17.Be3 Kb8 18.Nd2 h6 19.Ngf3 Nxf3+ 20.Qxf3 e5 21.Qxd5 Be6 22.Qf3 f5
23.Qe2 f4 24.Bxf4 exf4 25.Qxe6 Nf7 26.Qe2 Qd7 27.Bc4 Rhe8 28.Ne4 Ng5 29.Bb5 Qf5
30.Bxe8 f3 31.Ng3  1-0

[Event "TCh-CRO"]
[Site "Rabac CRO"]
[Date "2004.09.07"]
[Round "3"]
[White "Ljubicic,F"]
[Black "Stohl,I"]
[Result "1/2-1/2"]
[WhiteElo "2412"]
[BlackElo "2561"]

1.e4 c5 2.c3 Nf6 3.e5 Nd5 4.d4 cxd4 5.Nf3 Nc6 6.Bc4 Nb6 7.Bb3 d5 8.exd6 Qxd6
9.cxd4 Be6 10.O-O Bxb3 11.Qxb3 e6 12.Nc3 Qb4 13.Qc2 Be7 14.a3 Qd6 15.Qe4 Nd5
16.Qg4 O-O 17.Bh6 Bf6 18.Ne4 Qe7 19.Be3 g6 20.Nxf6+ Qxf6 21.Rad1 Qf5 22.Qh4 f6
23.Qg3 Rfe8 24.Rfe1 Kh8 25.Re2 Rad8 26.h3 g5 27.Rde1 Rd7 28.Bd2 h5 29.Re4 a6
30.h4 g4 31.Nh2 Nc7 32.Bc3 Nd5 33.Bd2 Kh7 34.Nf1 Nc7 35.Qb3 Qb5 36.Qe3 f5
37.Qh6+ Kg8 38.R4e3 Rh7 39.Qg5+ Kf7  1/2-1/2

[Event "TCh-SCG Women"]
[Site "Budva SCG"]
[Date "2004.09.08"]
[Round "1"]
[White "Nikolic,Mila"]
[Black "Stojanovic,An"]
[Result "0-1"]
[WhiteElo "1982"]
[BlackElo "2136"]

1.e4 c5 2.c3 Nf6 3.e5 Nd5 4.d4 cxd4 5.Nf3 e6 6.cxd4 d6 7.Bc4 Nc6 8.O-O Be7
9.Qe2 O-O 10.Re1 a6 11.exd6 Qxd6 12.Nc3 b5 13.Bd3 Ndb4 14.Bb1 Bb7 15.Ne4 Nxd4
16.Nxd4 Qxd4 17.Rd1 Qe5 18.Rd7 Rac8 19.Bd2 Qxb2 20.Qd1 Bd5 21.Rxe7 Qxa1 22.Nd6 Qb2
23.Nxc8 Rxc8 24.Bxh7+ Kf8 25.Rd7 Ke8 26.Ra7 Qd4 27.Re7+ Kf8 28.Rd7 Nc6 29.h3 Ke8
30.Rb7 Qh4 31.Bb1 Ne5 32.Be3 Bxb7 33.a4 Rd8 34.Qc1 Qc4 35.Qa3 Rd1+ 36.Kh2 Rxb1
37.Qd6 Qc6  0-1

[Event "TCh-CRO"]
[Site "Rabac CRO"]
[Date "2004.09.08"]
[Round "4"]
[White "Sermek,D"]
[Black "Komljenovic,D"]
[Result "1-0"]
[WhiteElo "2547"]
[BlackElo "2461"]

1.e4 c5 2.c3 Nf6 3.e5 Nd5 4.Nf3 Nc6 5.Bc4 e6 6.d4 cxd4 7.cxd4 d6 8.O-O Be7
9.Qe2 O-O 10.Qe4 Kh8 11.Rd1 f5 12.Qe2 Nb6 13.exd6 Qxd6 14.Bb3 Na5 15.Bc2 Bd7
16.Nc3 Rac8 17.Bg5 Bxg5 18.Nxg5 Nbc4 19.Ba4 Bxa4 20.Nxa4 e5 21.dxe5 Qxe5
22.Qh5 h6 23.Nf7+ Rxf7 24.Qxf7 b5 25.Re1 Qb8 26.Re7 Rg8 27.Nc5 Nc6 28.Ree1 Nd4
29.Nd7 Qd8 30.Rad1 Nc2 31.Re7 Nb4 32.b3  1-0

[Event "TCh-CRO"]
[Site "Rabac CRO"]
[Date "2004.09.08"]
[Round "4"]
[White "Pavasovic,D"]
[Black "Palac,M"]
[Result "1/2-1/2"]
[WhiteElo "2592"]
[BlackElo "2549"]

1.e4 c5 2.c3 Nf6 3.e5 Nd5 4.d4 cxd4 5.cxd4 d6 6.Bc4 Nb6 7.Bb5+ Nc6 8.exd6 Qxd6
9.Nc3 Nd5 10.Nge2 g6 11.O-O Bg7 12.Bg5  1/2-1/2

[Event "TCh-SCG Men"]
[Site "Budva SCG"]
[Date "2004.09.09"]
[Round "2"]
[White "Markovic,Miros"]
[Black "Istratescu,A"]
[Result "0-1"]
[WhiteElo "2564"]
[BlackElo "2603"]

1.e4 c5 2.c3 Nf6 3.e5 Nd5 4.g3 Nc6 5.Nf3 d6 6.exd6 e6 7.Bg2 Bxd6 8.O-O O-O
9.Na3 b6 10.Nc4 Bb7 11.Nxd6 Qxd6 12.d4 cxd4 13.Nxd4 Rad8 14.Nxc6 Qxc6 15.Qb3 Qc7
16.a4 a5 17.Re1 h6 18.Bd2 Ba6 19.Rad1 Rd7 20.Bc1 Bc4 21.Qc2 Rfd8 22.Bf1 Bxf1
23.Rxf1 Nb4 24.Qb3 Nd3 25.Be3 Rd6 26.Qb5 Qb7 27.Bd4 Nc5 28.Qe2 Nxa4 29.Ra1 Nc5
30.Bxc5 bxc5 31.Rxa5 Rd2 32.Qb5 Qf3 33.Ra4 Rd1 34.Ra1 Rxa1 35.Rxa1 Rd2 36.Qxc5 Rxb2
37.Rc1 Re2 38.c4 e5 39.Kf1 e4 40.Re1 e3 41.Qxe3 Rxe3 42.Rxe3 Qd1+ 43.Kg2 Qd4  0-1

[Event "TCh-SCG Men"]
[Site "Budva SCG"]
[Date "2004.09.09"]
[Round "2"]
[White "Vajda,L"]
[Black "Georgiev,Ki"]
[Result "0-1"]
[WhiteElo "2539"]
[BlackElo "2626"]

1.e4 c5 2.c3 Nf6 3.e5 Nd5 4.d4 cxd4 5.Nf3 Nc6 6.cxd4 d6 7.Bc4 e6 8.O-O Be7
9.Qe2 O-O 10.Nc3 dxe5 11.dxe5 Nxc3 12.bxc3 Qa5 13.Bd2 Rd8 14.Bd3 Bd7 15.Rab1 Rab8
16.Bg5 h6 17.Bd2 Qa4 18.Bb5 Qg4 19.h3 Qh5 20.Bf4 Na5 21.Qe4 Bxb5 22.Rxb5 b6
23.Nd4 Rbc8 24.Bd2 Bc5 25.Be1 Rd5 26.Rxa5 bxa5 27.Nf3 Bb6 28.Bd2 Qf5 29.Qa4 Qd3
30.Rc1 Qe2 31.Be1 Rcd8 32.Kh2 Rd1 33.Rc2 Qf1 34.Qe4 Qd3 35.Qa4 Kh7 36.Rb2 Qf5
37.Bd2 Rf1 38.Be3 Bxe3 39.fxe3 Rdd1  0-1

[Event "TCh-SCG Men"]
[Site "Budva SCG"]
[Date "2004.09.10"]
[Round "3"]
[White "Savic,Miod1"]
[Black "Civric,Z"]
[Result "1-0"]
[WhiteElo "2523"]
[BlackElo "2191"]

1.e4 c5 2.c3 Nf6 3.e5 Nd5 4.Nf3 Nc6 5.d4 cxd4 6.Bc4 e6 7.cxd4 d6 8.O-O Nb6
9.Bb5 Bd7 10.Nc3 d5 11.Bd3 a6 12.Ne2 Be7 13.Nf4 O-O 14.Re1 Rc8 15.Bb1 Be8
16.a3 Qd7 17.h4 Na5 18.b4 Nac4 19.Ng5 g6 20.Qg4 Qd8 21.Nf3 Kh8 22.h5  1-0

[Event "TCh-SCG Men"]
[Site "Budva SCG"]
[Date "2004.09.11"]
[Round "4"]
[White "Markovic,Miros"]
[Black "Rublevsky,S"]
[Result "1-0"]
[WhiteElo "2564"]
[BlackElo "2686"]

1.e4 c5 2.c3 Nf6 3.e5 Nd5 4.Nf3 e6 5.d4 cxd4 6.cxd4 d6 7.a3 Bd7 8.Bd3 Bc6
9.O-O Nd7 10.b4 a6 11.Qe2 Be7 12.Re1 Rc8 13.Ra2 N7b6 14.Rc2 O-O 15.h4 dxe5
16.dxe5 Qd7 17.Bg5 Rfd8 18.Rd2 h6 19.Be3 Na4 20.Nd4 Nxe3 21.Qxe3 Bxh4 22.Bc2 Nb6
23.Nf5 Nd5 24.Nxh6+ Kf8 25.Qh3 Bg5 26.Ng4 Ke7 27.Ne3 Qc7 28.Qg3 Bh6 29.Qh4+ Ke8
30.Nc4 Bb5 31.Nd6+ Rxd6 32.exd6 Qxd6 33.Bb3 Bxd2 34.Nxd2 Nf6 35.Nf3 Bd7 36.Nd4 Kf8
37.Rd1 Qe5 38.Nf3 Qc3 39.Nd4 Kg8 40.Qf4 Qc7 41.Qg5 Rd8 42.Rd3 Rc8 43.Bc2 Ne4
44.Qh4 f5 45.Nxf5 Qxc2 46.Ne7+ Kf7 47.Rxd7 Qc1+ 48.Kh2 Rh8 49.Nf5+ Kg6 50.Qxh8  1-0

[Event "zt2.3.c2"]
[Site "San Jose CRC"]
[Date "2004.09.11"]
[Round "8"]
[White "Granados,C"]
[Black "Guillen Ramirez,J"]
[Result "1/2-1/2"]
[WhiteElo "2241"]
[BlackElo "2301"]

1.e4 c5 2.c3 Nf6 3.e5 Nd5 4.d4 cxd4 5.Nf3 Nc6 6.Bc4 Nb6 7.Bb3 d5 8.exd6 Qxd6
9.O-O Be6 10.Na3 Bxb3 11.Qxb3 Qd5 12.Nb5 Qxb3 13.axb3 Kd7 14.Nfxd4 Nxd4 15.Nxd4 e5
16.Nf3 f6 17.Be3 Be7 18.Ra5 Kc6 19.Rd1 Rhd8 20.Rxd8 Rxd8 21.Kf1 a6 22.Ke2 Nd5
23.b4 Nxe3 24.fxe3 Rd5 25.Ra1 Bd8 26.e4 Rd7 27.g4 g6 28.h4 Kd6 29.Rh1 Ke6
30.h5 f5 31.hxg6 fxg4 32.gxh7 gxf3+ 33.Kxf3 Bf6 34.h8=Q Bxh8 35.Rxh8 Rd2
36.Rh7 Rxb2 37.Rxb7 Rb3 38.Rb6+ Kd7 39.Kg4 Rxc3 40.Kf5 Ra3 41.Kxe5 a5 42.bxa5 Rxa5+
43.Kf6 Rh5 44.Rb7+ Ke8 45.Rg7 Rh6+ 46.Ke5 Ra6 47.Kf5 Rb6 48.Rg6 Rxg6 49.Kxg6 Ke7
50.Kf5 Kf7 51.e5 Ke7  1/2-1/2

[Event "TCh-SCG Men"]
[Site "Budva SCG"]
[Date "2004.09.13"]
[Round "6"]
[White "Savic,Miod1"]
[Black "Vujacic,B"]
[Result "1-0"]
[WhiteElo "2523"]
[BlackElo "2400"]

1.e4 c5 2.c3 Nf6 3.e5 Nd5 4.Nf3 e6 5.g3 Nc6 6.Bg2 Qc7 7.Qe2 d6 8.exd6 Bxd6
9.Na3 a6 10.Nc4 O-O 11.O-O Be7 12.a4 b6 13.d3 Bb7 14.Bg5 Rad8 15.Bxe7 Ndxe7
16.Rfd1 h6 17.Nfe5 b5 18.axb5 axb5 19.Nxc6 Nxc6 20.Nd2 Nb8 21.Bxb7 Qxb7 22.Ne4 Qc6
23.Qe3 Nd7 24.d4 cxd4 25.Qxd4 f5 26.Ra7 e5 27.Qd5+ Qxd5 28.Rxd5 Nb6 29.Rxd8 Rxd8
30.Nc5 Rd1+ 31.Kg2 Rd2 32.Ne6 Nd7 33.Kf1 Nf6 34.Rxg7+ Kh8 35.Rf7 Ne4 36.Rxf5 Rxb2
37.Rxe5 Nxc3 38.Nd4 b4 39.Re6 Kh7 40.Re3 Rd2 41.Nb3 Rb2 42.Nc5 Rd2 43.Re7+ Kg6
44.Rb7  1-0

[Event "TCh-CRO"]
[Site "Rabac CRO"]
[Date "2004.09.13"]
[Round "9"]
[White "Stevic,H"]
[Black "Palac,M"]
[Result "1/2-1/2"]
[WhiteElo "2541"]
[BlackElo "2549"]

1.e4 c5 2.c3 Nf6 3.e5 Nd5 4.d4 cxd4 5.Nf3 Nc6 6.cxd4 d6 7.Bc4 e6 8.O-O Be7
9.exd6 Qxd6 10.Nc3 O-O 11.Re1 a6 12.Bb3 Nf6 13.d5 exd5 14.Nxd5 Nxd5 15.Qxd5 Qg6
16.Ne5 Nxe5 17.Rxe5 Bd6 18.Re1 Bd7 19.Bc2 Qxc2 20.Qxd6 Bc6 21.Qg3 Rfe8 22.Bf4 f6
23.Bh6 Qg6 24.Qxg6 hxg6  1/2-1/2

[Event "TCh-CRO"]
[Site "Rabac CRO"]
[Date "2004.09.13"]
[Round "9"]
[White "Sermek,D"]
[Black "Jankovic,A"]
[Result "1-0"]
[WhiteElo "2547"]
[BlackElo "2444"]

1.e4 c5 2.c3 Nf6 3.e5 Nd5 4.Nf3 Nc6 5.Bc4 e6 6.d4 cxd4 7.cxd4 d6 8.O-O Be7
9.Qe2 O-O 10.Qe4 Qc7 11.Re1 a6 12.Ng5 Bxg5 13.Bxg5 dxe5 14.dxe5 Nde7 15.Nd2 Ng6
16.Nf3 b5 17.Bd3 Bb7 18.Rac1 Rac8 19.Qg4 Qa5 20.Bxg6 hxg6 21.a3 b4 22.Bd2 Rfd8
23.Qf4 Qd5 24.Bxb4 Nxb4 25.Qxb4 a5 26.Qa4 Qd3 27.Rcd1 Qf5 28.Qxa5 Rxd1 29.Rxd1 Bxf3
30.gxf3 Qxf3 31.Rd8+ Kh7 32.Rxc8  1-0